[Event "Caioba Copel op 5th"]
[Site "Caioba"]
[Date "2019.08.16"]
[Round "2"]
[White "Brusamolin, Valerio"]
[Black "Kim, Thiago"]
[Result "1-0"]
[WhiteElo "1924"]
[BlackElo "1674"]
[PlyCount "61"]
[EventDate "2019.08.15"]
[EventType "swiss"]
[EventRounds "6"]
[EventCountry "BRA"]
[SourceTitle "EXT 2020"]
[Source "ChessBase"]
[SourceDate "2019.10.17"]
[SourceVersion "1"]
[SourceVersionDate "2019.10.17"]
[SourceQuality "1"]

1. f4 d5 2. Nf3 c5 3. e3 Nf6 4. b3 Bg4 5. Bb5+ Nc6 6. Bb2 e6 7. 0-0 Be7 8. Qe1 Bxf3 9. Rxf3 0-0 10. Bxc6 bxc6 11. d3 Qb6 12. Nd2 Rfd8 13. Kh1 Rd7 14. Rh3 c4 15. Nf3 cxd3 16. cxd3 c5 17. Ne5 Rc7 18. Qh4 h6 19. Qg3 Kf8 20. Ng4 Nxg4 21. Qxg4 d4 22. Rg3 g6 23. e4 h5 24. Qf3 Qb7 25. Qe2 Qc8 26. Rf1 Rc6 27. f5 exf5 28. exf5 Bd6 29. fxg6 Bxg3 30. Rxf7+ Kg8 31. Qxh5 1-0

[Event "BRA-ch Amateur U2000"]
[Site "Sao Paulo"]
[Date "2018.06.02"]
[Round "6"]
[White "Brusamolin, Valerio"]
[Black "Rodrigues, Julliano de Araujo"]
[Result "0-1"]
[WhiteElo "1983"]
[BlackElo "1905"]
[PlyCount "58"]
[EventDate "2018.05.31"]
[EventType "swiss"]
[EventRounds "7"]
[EventCountry "BRA"]
[SourceTitle "EXT 2021"]
[Source "ChessBase"]
[SourceDate "2020.10.23"]
[SourceVersion "1"]
[SourceVersionDate "2020.10.23"]
[SourceQuality "1"]

1. f4 d5 2. Nf3 g6 3. e3 Bg7 4. d4 Nf6 5. Bd3 0-0 6. 0-0 c5 7. c3 b6 8. Nbd2 Ba6 9. Bxa6 Nxa6 10. Ne5 Nc7 11. b3 Nce8 12. Bb2 Nd6 13. Rc1 Nfe4 14. Ndf3 Rc8 15. dxc5 Nf5 16. Re1 Rxc5 17. g4 Nh6 18. Nd4 Bxe5 19. fxe5 e6 20. Ba3 Qh4 21. Rf1 Nxg4 22. Nf3 Qh6 23. Bxc5 bxc5 24. Qe2 f6 25. exf6 Rxf6 26. c4 Rf5 27. cxd5 exd5 28. Rce1 Ne5 29. Nxe5 Rg5+ 0-1

[Event "Caioba Telecom op"]
[Site "Caioba"]
[Date "2017.10.01"]
[Round "8"]
[White "Brusamolin, Valerio"]
[Black "Da Silva Junior, Marco Aurelio"]
[Result "1-0"]
[WhiteElo "2071"]
[BlackElo "1695"]
[PlyCount "89"]
[EventDate "2017.09.28"]
[EventType "swiss"]
[EventRounds "8"]
[EventCountry "BRA"]
[SourceTitle "EXT 2020"]
[Source "ChessBase"]
[SourceDate "2019.10.17"]
[SourceVersion "1"]
[SourceVersionDate "2019.10.17"]
[SourceQuality "1"]

1. d4 d5 2. c4 e6 3. Nc3 Nf6 4. Nf3 c6 5. e3 dxc4 6. Bxc4 b5 7. Bd3 Bb7 8. 0-0 Nbd7 9. Qe2 a6 10. Rd1 Bd6 11. e4 e5 12. dxe5 Nxe5 13. Nxe5 Bxe5 14. Be3 Qc7 15. g3 c5 16. Nd5 Bxd5 17. exd5 c4 18. Bd4 cxd3 19. Qxe5+ Qxe5 20. Bxe5 Nxd5 21. Bxg7 Rg8 22. Rxd3 0-0-0 23. Rad1 Rxg7 24. Rxd5 Rxd5 25. Rxd5 Kc7 26. Kg2 Rg6 27. Rf5 f6 28. h4 Kd6 29. h5 Rh6 30. g4 Ke6 31. Kf3 Kd6 32. Ke4 Ke6 33. Kd4 Kd6 34. Kc3 Kc6 35. Kb4 Kb6 36. f3 a5+ 37. Kc3 Kc6 38. Kd4 a4 39. a3 Kb6 40. Kd5 b4 41. Ke6 b3 42. Kf7 Kc6 43. Kg7 Rg6+ 44. hxg6 hxg6 45. Kxg6 1-0

[Event "Matinhos Caioba-ch"]
[Site "Matinhos"]
[Date "2015.08.28"]
[Round "2"]
[White "Delgado Ramirez, Neuris"]
[Black "Brusamolin, Valerio"]
[Result "1-0"]
[WhiteElo "2604"]
[BlackElo "2107"]
[PlyCount "59"]
[EventDate "2015.08.28"]
[EventType "swiss"]
[EventRounds "6"]
[EventCountry "BRA"]
[SourceTitle "EXT 2016"]
[Source "ChessBase"]
[SourceDate "2015.10.08"]
[SourceVersion "1"]
[SourceVersionDate "2015.10.08"]
[SourceQuality "1"]

1. e4 c5 2. Nf3 Nc6 3. Bb5 g6 4. Bxc6 dxc6 5. d3 Bg7 6. h3 e5 7. Be3 b6 8. Qd2 f6 9. a3 a5 10. Nc3 Ne7 11. Bh6 0-0 12. Bxg7 Kxg7 13. Nh2 Qc7 14. Ne2 Ng8 15. f4 exf4 16. Nxf4 c4 17. 0-0 Qd6 18. d4 Re8 19. Rae1 b5 20. Qf2 b4 21. Nxg6 hxg6 22. e5 Qd8 23. exf6+ Kf7 24. Qh4 Rxe1 25. Qh7+ Ke6 26. Rxe1+ Kxf6 27. Nf3 Bf5 28. g4 Bxc2 29. g5+ Kf5 30. Re5+ 1-0

[Event "Matinhos Caioba op"]
[Site "Matinhos"]
[Date "2015.08.15"]
[Round "3"]
[White "Brusamolin, Valerio"]
[Black "Bianchi, Willian Domingues"]
[Result "1/2-1/2"]
[WhiteElo "2107"]
[BlackElo "1964"]
[PlyCount "42"]
[EventDate "2015.08.14"]
[EventType "swiss"]
[EventRounds "6"]
[EventCountry "BRA"]
[SourceTitle "EXT 2016"]
[Source "ChessBase"]
[SourceDate "2015.10.08"]
[SourceVersion "1"]
[SourceVersionDate "2015.10.08"]
[SourceQuality "1"]

1. d4 Nf6 2. c4 e6 3. Nc3 d5 4. Nf3 Nbd7 5. e3 c5 6. Bd3 b6 7. 0-0 Bb7 8. Re1 Rc8 9. cxd5 exd5 10. e4 dxe4 11. Nxe4 Bxe4 12. Bxe4 Be7 13. Qe2 Nxe4 14. Qxe4 Nf6 15. Qe2 cxd4 16. Nxd4 0-0 17. Qxe7 Qxd4 18. Be3 Qxb2 19. Qxa7 Nd5 20. Rab1 Qf6 21. Bxb6 Ra8 1/2-1/2

[Event "Curitiba Sul Regional-ch"]
[Site "Curitiba"]
[Date "2015.07.10"]
[Round "1"]
[White "Brusamolin, Valerio"]
[Black "Da Silva Junior, Marco Aurelio"]
[Result "1-0"]
[WhiteElo "2034"]
[BlackElo "1577"]
[PlyCount "83"]
[EventDate "2015.07.10"]
[EventType "swiss"]
[EventRounds "6"]
[EventCountry "BRA"]
[SourceTitle "EXT 2016"]
[Source "ChessBase"]
[SourceDate "2015.10.08"]
[SourceVersion "1"]
[SourceVersionDate "2015.10.08"]
[SourceQuality "1"]

1. d4 Nf6 2. c4 d6 3. Nc3 c6 4. e4 Nbd7 5. f4 Qa5 6. Bd2 e5 7. Nf3 Be7 8. Bd3 0-0 9. fxe5 dxe5 10. Nd5 Qd8 11. Nxe7+ Qxe7 12. d5 cxd5 13. cxd5 Nc5 14. Qe2 Bg4 15. 0-0 Nxd5 16. exd5 e4 17. Bb1 Rfe8 18. h3 exf3 19. Qxe7 Rxe7 20. hxg4 fxg2 21. Kxg2 Re2+ 22. Rf2 Rae8 23. b4 Rxf2+ 24. Kxf2 Ne4+ 25. Bxe4 Rxe4 26. Re1 Rxe1 27. Bxe1 Kf8 28. Ke3 Ke7 29. Ke4 f6 30. Bf2 b6 31. Bg3 g6 32. b5 Kd7 33. Bb8 h6 34. Bxa7 h5 35. gxh5 f5+ 36. Ke5 gxh5 37. Bxb6 h4 38. Kxf5 Kd6 39. Ke4 h3 40. Bg1 h2 41. Bxh2+ Kc5 42. d6 1-0

[Event "Sao Paulo op-A U2300"]
[Site "Sao Paulo"]
[Date "2014.04.04"]
[Round "2"]
[White "Martins, Anderson"]
[Black "Brusamolin, Valerio"]
[Result "1-0"]
[WhiteElo "2043"]
[BlackElo "1825"]
[PlyCount "97"]
[EventDate "2014.04.03"]
[EventType "swiss"]
[EventRounds "6"]
[EventCountry "BRA"]
[SourceTitle "CBM 159 Extra"]
[Source "ChessBase"]
[SourceDate "2014.04.24"]
[SourceVersion "1"]
[SourceVersionDate "2014.04.24"]
[SourceQuality "1"]

1. d4 Nf6 2. c4 e6 3. Nf3 d5 4. Nc3 Nbd7 5. Bg5 c6 6. cxd5 exd5 7. e3 Bd6 8. Bd3 0-0 9. Qc2 h6 10. Bh4 Re8 11. Bg3 Qe7 12. Bxd6 Qxd6 13. 0-0 Qe7 14. a3 Ne4 15. b4 a6 16. Rfb1 b5 17. Bxe4 dxe4 18. Nd2 Nf6 19. Nb3 Be6 20. Na5 Rac8 21. Rc1 Bf5 22. Ne2 Bd7 23. Qd2 Nd5 24. Rc5 Qf6 25. Rac1 Re6 26. Nxc6 Rexc6 27. Rxd5 Rxc1+ 28. Nxc1 Qg6 29. Ne2 Qg4 30. h3 Qe6 31. Nf4 Qe8 32. Rc5 Rd8 33. Re5 Qf8 34. Rxe4 g5 35. Ne2 Qd6 36. d5 f5 37. Rd4 Rc8 38. Nc1 g4 39. hxg4 fxg4 40. Nd3 g3 41. Nc5 gxf2+ 42. Qxf2 a5 43. Qf4 Qg6 44. Nxd7 Rc1+ 45. Kh2 Qb1 46. Qf8+ Kh7 47. Qf7+ Kh8 48. Qf6+ Kh7 49. Nf8+ 1-0